Rozpoznaj Rapera Po Starym Albumie - Statystyki

Ogólne statystyki
  • Ten quiz został rozwiązany 184 razy
  • Średni wynik to 5 z 11
Statystyki odpowiedzi
Płyta Raper % Poprawnych
Ezoteryka Quebonafide
93%
Umowa o dzieło Taco hemingway
81%
NOCNA ZMjANA Jan rapowanie
71%
good7uck ReTo
57%
Nie Kumam Żabson
52%
247365 Gedz
47%
ylloM Guzior
43%
Narcyz Bober
26%
WIECZNYJOINTmixtape ZetHa
21%
TENDAYSEP Deys
18%
TBK Bedoes
11%
Nie znaleziono quizów pasujących do podanych kryteriów
Rozkład punktacji
Procent ludzi z każdym wynikiem
Percentyl według liczby udzielonych odpowiedzi
Twoja historia wyników
Nie rozwiązałeś tego quizu